|
|
|
|
| LEADER |
01555nam a2200361 a 4500 |
| 001 |
29492 |
| 003 |
BD-DhAAL |
| 005 |
20150801120146.0 |
| 008 |
150801s2003 enkbj b 001 0 eng |
| 015 |
|
|
|a GBA3-W4893
|
| 020 |
|
|
|a 0582405254
|
| 020 |
|
|
|a 9780582405257 (pbk)
|
| 035 |
|
|
|a (OCoLC)ocm52530771
|
| 035 |
|
|
|a (NNC)4754024
|
| 040 |
|
|
|a UKM
|c UKM
|d OCLCQ
|d GZM
|d BD-DhAAL
|
| 082 |
0 |
4 |
|a 956.013
|2 21
|
| 100 |
1 |
|
|a Kennedy, Hugh
|q (Hugh N.)
|9 13395
|
| 245 |
1 |
4 |
|a The Prophet and the age of the Caliphates :
|b the Islamic Near East from the sixth to the eleventh century /
|c Hugh Kennedy and Karl Barbir.
|
| 250 |
|
|
|a 2nd ed.
|
| 260 |
|
|
|a Harlow :
|b Longman,
|c 2003.
|
| 300 |
|
|
|a xiv, 419 p. :
|b geneal. tables, maps ;
|c 24 cm.
|
| 500 |
|
|
|a Previous ed.: 1986.
|
| 504 |
|
|
|a Includes bibliographical references and index.
|
| 541 |
|
|
|e 29492
|
| 651 |
|
0 |
|a Islamic Empire
|x History
|y 622-661.
|9 13396
|
| 651 |
|
0 |
|a Islamic Empire
|x History
|y 661-750.
|9 13397
|
| 651 |
|
0 |
|a Islamic Empire
|x History
|y 750-1258.
|9 13398
|
| 651 |
|
0 |
|a Islamic Empire
|x Kings and rulers.
|9 13399
|
| 700 |
1 |
|
|a Barbir, Karl K.,
|d 1948-
|9 13400
|
| 942 |
|
|
|2 ddc
|c BK
|
| 999 |
|
|
|c 35115
|d 35115
|
| 952 |
|
|
|0 0
|1 0
|2 ddc
|4 0
|6 956_013000000000000_KEN
|7 0
|9 55056
|a BRACUL
|b BRACUL
|c GEN
|d 2015-08-01
|e Karim International
|l 4
|m 32
|o 956.013 KEN
|p 3010029492
|r 2024-11-07
|s 2024-11-06
|t 1
|w 2015-08-01
|y BK
|
| 952 |
|
|
|0 0
|1 0
|2 ddc
|4 0
|6 956_013000000000000_KEN
|7 0
|9 55057
|a BRACUL
|b BRACUL
|c GEN
|d 2015-08-01
|e Karim International
|l 2
|m 11
|o 956.013 KEN
|p 3010029493
|q 2026-06-02
|r 2026-02-26
|s 2026-02-26
|t 2
|w 2015-08-01
|y BK
|